Don Jose Simándy József /

Elmentve itt :
Bibliográfiai részletek
Szerzők: Nikolényi István
Siflis József
Dokumentumtípus: Cikk
Megjelent: 1969-02-13
Sorozat:Délmagyarország 59 No. 36
Kulcsszavak:Simándy József, Szegedi Nemzeti Színház, Színházi élet Szeged 1969
Online Access:http://dmarchiv.bibl.u-szeged.hu/63250
LEADER 00550nab a2200169 i 4500
001 delm63250
005 20180927151257.0
008 180927s1969 hu o 0|| hun d
040 |a SZTE Délmagyarország Archívum  |b hun 
041 |a hun 
100 1 |a Nikolényi István 
245 1 0 |a Don Jose  |h [elektronikus dokumentum] :  |b Simándy József /  |c  Nikolényi István 
260 |c 1969-02-13 
300 |a 5 
490 0 |a Délmagyarország  |v 59 No. 36 
695 |a Simándy József, Szegedi Nemzeti Színház, Színházi élet Szeged 1969 
700 0 1 |a Siflis József  |e aut